Problemática general de los inicios de la iberización en Andalucía Occidental / per Manuel Pellicer Catalán
Descripción Física:
p. 3-21 ; 27 cm
Colección:
Monografies ; 49
Materias:
Ibers -- Andalusia
MARC
| LEADER | 00000nam a2200000Ia 4500 | ||
|---|---|---|---|
| 001 | 7815 | ||
| 008 | 160829s1976 - 1978 xx 000 0 cat d | ||
| 080 | |a FU-21-36 | ||
| 100 | |a Pellicer Catalán, Manuel |9 25941 | ||
| 245 | |a Problemática general de los inicios de la iberización en Andalucía Occidental / per Manuel Pellicer Catalán | ||
| 260 | |a Barcelona : |b Diputació. Institut de Prehistòria i Arqueologia, |c 1976 - 1978 | ||
| 300 | |a p. 3-21 ; |c 27 cm | ||
| 490 | |a Monografies ; 49 | ||
| 590 | |a Separata d'Ampurias ; 38-40. | ||
| 590 | |a Simposi internacional : Els orígens del món ibèric : Barcelona-Empúries, 1977 | ||
| 650 | |a Ibers |x Andalusia |9 33973 | ||
| 710 | 2 | |a Institut de Prehistòria i Arqueologia (Barcelona, Catalunya) |9 52785 | |
| 901 | |a Arxiu | ||
| 942 | |n 1 | ||
| 952 | |0 0 |1 0 |4 0 |6 FU2136 |7 1 |9 43832 |a Arxiu |b Arxiu |d 2016-12-01 |l 0 |o FU-21-36 |p 7815 |r 2016-12-01 00:00:00 |w 2016-12-01 |y ARXIU | ||
| 999 | |c 46411 |d 46411 | ||